[Event "Ruhrgebiet Verbandsliga Gruppe 1 1819"]
[Site "Nordrheinwestfalen"]
[Date "2018.09.23"]
[Round "1.8"]
[White "Prieb, Robert"]
[Black "Skara, Milenko"]
[Result "0-1"]
[WhiteElo "1848"]
[BlackElo "1718"]
[PlyCount "118"]
[EventDate "2018.09.23"]
[EventType "team-tourn"]
[EventRounds "9"]
[EventCountry "GER"]
[SourceTitle "EXT 2022"]
[Source "ChessBase"]
[SourceDate "2021.10.06"]
[SourceVersion "1"]
[SourceVersionDate "2021.10.06"]
[SourceQuality "1"]
[WhiteTeam "Bochum SG III"]
[BlackTeam "Bochum-Linden"]
[WhiteTeamCountry "GER"]
[BlackTeamCountry "GER"]

1. d4 Nf6 2. c4 g6 3. Nc3 Bg7 4. e4 d6 5. Nf3 0-0 6. Be2 e5 7. 0-0 Nc6 8. d5 Ne7 9. Ne1 Nd7 10. Be3 f5 11. f3 f4 12. Bf2 g5 13. Rc1 Ng6 14. c5 dxc5 15. b4 b6 16. bxc5 Nxc5 17. Bxc5 bxc5 18. Nb5 a6 19. d6 axb5 20. Qd5+ Be6 21. Qxe6+ Kh8 22. dxc7 Qxc7 23. Bxb5 Qa7 24. Rf2 Rfd8 25. Qc4 Bf8 26. Bc6 Rab8 27. Bd5 Rb4 28. Qc3 Rdb8 29. Bb3 c4 30. Bxc4 Bc5 31. Nd3 Bxf2+ 32. Nxf2 Rb2 33. Qe1 Qd4 34. Kf1 Rd2 35. Nd3 Rxd3 36. Bxd3 Qxd3+ 37. Qe2 Qxe2+ 38. Kxe2 Rb2+ 39. Kf1 Rxa2 40. Rc8+ Kg7 41. Rc7+ Kh6 42. Rc6 Kh5 43. Rc7 h6 44. g4+ fxg3 45. hxg3 Ra6 46. Kg2 g4 47. f4 Nxf4+ 48. gxf4 exf4 49. e5 Re6 50. Rc4 Kg5 51. Re4 Kf5 52. Re1 Rxe5 53. Rh1 Kg5 54. Kf2 h5 55. Kg2 h4 56. Kf2 h3 57. Kf1 Rc5 58. Kg1 Rc1+ 59. Kh2 Rxh1+ 0-1

[Event "Ruhrgebiet Verbandsklasse 1718 Aufstieg"]
[Site "Germany"]
[Date "2018.06.24"]
[Round "3.8"]
[White "Skara, Milenko"]
[Black "Abramowski, Joerg"]
[Result "0-1"]
[WhiteElo "1725"]
[BlackElo "1946"]
[PlyCount "54"]
[EventDate "2018.06.24"]
[EventType "team-match"]
[EventRounds "1"]
[EventCountry "GER"]
[SourceTitle "EXT 2022"]
[Source "ChessBase"]
[SourceDate "2021.10.06"]
[SourceVersion "1"]
[SourceVersionDate "2021.10.06"]
[SourceQuality "1"]
[WhiteTeam "Bochum-Linden"]
[BlackTeam "Oberhausen SW"]
[WhiteTeamCountry "GER"]
[BlackTeamCountry "GER"]

1. e4 c5 2. Nf3 e6 3. d4 cxd4 4. Nxd4 Nf6 5. Nc3 Nc6 6. Be3 Bb4 7. Bd3 d5 8. Nxc6 bxc6 9. exd5 cxd5 10. 0-0 0-0 11. Ne2 e5 12. c3 Bd6 13. Ng3 a5 14. f3 Qc7 15. Qd2 Rb8 16. Nf5 Bc5 17. Qf2 Bxf5 18. Bxf5 Bxe3 19. Qxe3 Rxb2 20. Rfe1 Re8 21. Reb1 Reb8 22. Re1 g6 23. h4 Qb6 24. Bh3 e4 25. Kh2 Qxe3 26. Rxe3 Rc2 27. fxe4 Nxe4 0-1

[Event "Ruhrgebiet Regionalliga 1516"]
[Site "Germany"]
[Date "2016.03.13"]
[Round "7.8"]
[White "Kindermann, Carsten"]
[Black "Skara, Milenko"]
[Result "1-0"]
[WhiteElo "1940"]
[BlackElo "1781"]
[PlyCount "25"]
[EventDate "2015.09.13"]
[EventType "team-tourn"]
[EventRounds "9"]
[EventCountry "GER"]
[SourceTitle "EXT 2022"]
[Source "ChessBase"]
[SourceDate "2021.10.06"]
[SourceVersion "1"]
[SourceVersionDate "2021.10.06"]
[SourceQuality "1"]
[WhiteTeam "Borbeck Weisse Dame"]
[BlackTeam "Bochum-Linden"]
[WhiteTeamCountry "GER"]
[BlackTeamCountry "GER"]

1. e4 e5 2. Nf3 Nc6 3. Bb5 a6 4. Ba4 Nf6 5. d4 Nxe4 6. Qe2 d5 7. Nxe5 Qf6 8. Nxc6 bxc6 9. f3 Qxd4 10. Bxc6+ Bd7 11. Bxa8 Bb5 12. Qe3 Qc4 13. Bxd5 1-0

[Event "Ruhrgebiet Regionalliga 1516"]
[Site "Germany"]
[Date "2015.09.13"]
[Round "1.8"]
[White "Leimkuehler, Dirk"]
[Black "Skara, Milenko"]
[Result "1-0"]
[WhiteElo "1844"]
[BlackElo "1781"]
[PlyCount "117"]
[EventDate "2015.09.13"]
[EventType "team-tourn"]
[EventRounds "9"]
[EventCountry "GER"]
[SourceTitle "EXT 2022"]
[Source "ChessBase"]
[SourceDate "2021.10.06"]
[SourceVersion "1"]
[SourceVersionDate "2021.10.06"]
[SourceQuality "1"]
[WhiteTeam "Welper SV"]
[BlackTeam "Bochum-Linden"]
[WhiteTeamCountry "GER"]
[BlackTeamCountry "GER"]

1. f4 d5 2. Nf3 c5 3. g3 Nc6 4. Bg2 Nf6 5. d3 e6 6. 0-0 Be7 7. Nc3 0-0 8. e4 dxe4 9. dxe4 Rb8 10. h3 Qc7 11. Qe2 Rd8 12. Be3 Nd4 13. Qf2 Nxf3+ 14. Bxf3 b5 15. e5 Nd5 16. Nxd5 exd5 17. f5 Bxf5 18. Bxd5 Rxd5 19. Qxf5 Bf6 20. Qf3 Qxe5 21. Bf4 Qd4+ 22. Be3 Qxe3+ 23. Qxe3 Bd4 24. Rfe1 Kf8 25. Kh1 Bxe3 26. Rxe3 Re8 27. Ra3 Re7 28. Ra5 b4 29. a3 bxa3 30. bxa3 f6 31. Rf1 Kf7 32. Kg2 Kg6 33. Rb5 h5 34. a4 Rde5 35. a5 c4 36. Rb4 Rc7 37. a6 Rc6 38. Ra4 Ree6 39. h4 Kf7 40. Kh3 Ke7 41. Rf4 c3 42. Rfb4 Rxa6 43. Rb7+ Kf8 44. Rc4 Rac6 45. Rd4 Red6 46. Re4 Re6 47. Rd4 Re7 48. Rb5 Re5 49. Rb8+ Re8 50. Rb7 g5 51. hxg5 fxg5 52. Rdd7 Rf6 53. Rxa7 h4 54. Rh7 Rg6 55. Kg4 hxg3 56. Kf5 g2 57. Kxg6 Kg8 58. Rag7+ Kf8 59. Rh8# 1-0

[Event "Ruhrgebiet-ch Seniors 18th"]
[Site "Essen"]
[Date "2011.04.13"]
[Round "9"]
[White "Riek, Wolfgang"]
[Black "Skara, Milenko"]
[Result "0-1"]
[WhiteElo "1842"]
[BlackElo "1830"]
[PlyCount "108"]
[EventDate "2011.03.28"]
[EventType "swiss"]
[EventRounds "9"]
[EventCountry "GER"]
[SourceTitle "EXT 2012"]
[Source "ChessBase"]
[SourceDate "2011.11.24"]
[SourceVersion "1"]
[SourceVersionDate "2011.11.24"]
[SourceQuality "1"]

1. d4 Nf6 2. Nf3 g6 3. c4 Bg7 4. Nc3 0-0 5. e4 d6 6. h3 c5 7. d5 e6 8. dxe6 fxe6 9. Nb5 Nxe4 10. Bd3 Qa5+ 11. Ke2 d5 12. Bxe4 dxe4 13. Ng5 Nc6 14. Re1 Nd4+ 15. Nxd4 Bxd4 16. Nxe4 Qc7 17. Be3 e5 18. Qd2 Bf5 19. Nc3 Qf7 20. b3 Rad8 21. Rad1 e4 22. Nd5 Bxh3 23. Bxd4 cxd4 24. Qxd4 Bg4+ 25. Kf1 Bxd1 26. Rxd1 Rde8 27. Rd2 b6 28. Qe3 Re5 29. Nc3 Qe7 30. Rd4 Ref5 31. Rxe4 Rxf2+ 32. Ke1 Qa3 33. Re8 Rf1+ 34. Ke2 R1f2+ 35. Kd3 Qd6+ 36. Nd5 Rxe8 37. Qxe8+ Rf8 38. Qe3 Qd7 39. Kc3 Qg7+ 40. Kb4 h5 41. g3 Kh7 42. Nf4 Rf5 43. Nd5 Qf8+ 44. Ka4 Qd6 45. b4 b5+ 46. Ka3 bxc4 47. Qxa7+ Kh6 48. Qe3+ Rg5 49. Nf4 Ra5+ 50. Kb2 Qxb4+ 51. Ka1 Qa3 52. Nd3+ Rg5 53. Qe8 Qc3+ 54. Nb2 Qc1# 0-1

[Event "NRW-ch Seniors 19th"]
[Site "Hattingen"]
[Date "2008.05.21"]
[Round "3"]
[White "Ropers, Klaus"]
[Black "Skara, Milenko"]
[Result "1-0"]
[WhiteElo "1858"]
[BlackElo "1844"]
[PlyCount "65"]
[EventDate "2008.05.19"]
[EventType "swiss"]
[EventRounds "9"]
[EventCountry "GER"]
[SourceTitle "EXT 2010"]
[Source "ChessBase"]
[SourceDate "2010.11.25"]
[SourceVersion "1"]
[SourceVersionDate "2010.11.25"]
[SourceQuality "1"]

1. d4 Nf6 2. Nf3 g6 3. c4 Bg7 4. Nc3 0-0 5. e4 d6 6. g3 c5 7. d5 e5 8. Bg2 Bd7 9. Bg5 h6 10. Bd2 a6 11. a4 b6 12. 0-0 Ne8 13. Ne1 f5 14. f4 Ra7 15. Nd3 Nf6 16. fxe5 Nxe4 17. e6 Nxc3 18. Bxc3 Bxc3 19. bxc3 Bc8 20. Qd2 Kg7 21. Rae1 a5 22. h4 Qe8 23. Bh3 Qxa4 24. Qf4 Qc2 25. Qxd6 Qxd3 26. Qxb8 Re7 27. Qd6 Rfe8 28. Qe5+ Kh7 29. Rxf5 Bxe6 30. dxe6 Qxc4 31. Rf4 Qd3 32. Rf2 h5 33. Ref1 1-0

[Event "Niedersachsen-ch Seniors op 10th"]
[Site "Bad Bevensen"]
[Date "2007.07.11"]
[Round "9"]
[White "Weller, Friedhelm"]
[Black "Skara, Milenko"]
[Result "1-0"]
[WhiteElo "1747"]
[BlackElo "1891"]
[PlyCount "81"]
[EventDate "2007.07.03"]
[EventType "swiss"]
[EventRounds "9"]
[EventCountry "GER"]
[SourceTitle "EXT 2022"]
[Source "ChessBase"]
[SourceDate "2021.10.06"]
[SourceVersion "1"]
[SourceVersionDate "2021.10.06"]
[SourceQuality "1"]

1. e4 c5 2. Nf3 Nc6 3. Nc3 e6 4. Bb5 Nge7 5. d3 a6 6. Bxc6 Nxc6 7. Ne2 d6 8. c3 Be7 9. Ng3 b5 10. 0-0 Bb7 11. Be3 0-0 12. Qd2 Qd7 13. Rad1 Ne5 14. Ne1 Ng4 15. h3 Nxe3 16. Qxe3 Qc6 17. Nf3 Rae8 18. d4 cxd4 19. Nxd4 Qc7 20. a3 Qd8 21. Kh1 Qa8 22. f3 Qc8 23. Rfe1 h6 24. Nf1 Qc5 25. Qe2 Qh5 26. Kh2 Bf6 27. Qf2 d5 28. Re3 dxe4 29. Ng3 Be5 30. Nde2 exf3 31. gxf3 Bb8 32. f4 Qc5 33. Rg1 f6 34. Nd4 Ba7 35. Qe2 Bd5 36. Nh5 g5 37. h4 Qc7 38. hxg5 hxg5 39. Reg3 e5 40. fxg5 exd4 41. Nxf6+ 1-0

[Event "Niedersachsen-ch Seniors op 10th"]
[Site "Bad Bevensen"]
[Date "2007.07.07"]
[Round "5"]
[White "Goy, Udo"]
[Black "Skara, Milenko"]
[Result "1/2-1/2"]
[WhiteElo "2141"]
[BlackElo "1891"]
[PlyCount "45"]
[EventDate "2007.07.03"]
[EventType "swiss"]
[EventRounds "9"]
[EventCountry "GER"]
[SourceTitle "EXT 2022"]
[Source "ChessBase"]
[SourceDate "2021.10.06"]
[SourceVersion "1"]
[SourceVersionDate "2021.10.06"]
[SourceQuality "1"]

1. d4 Nf6 2. c4 e6 3. Nc3 d5 4. Nf3 Be7 5. Bg5 0-0 6. e3 h6 7. Bh4 b6 8. Bd3 c5 9. 0-0 dxc4 10. Bxc4 Bb7 11. Qe2 Nbd7 12. Rac1 Ne4 13. Bxe7 Qxe7 14. Rfd1 Nxc3 15. Rxc3 cxd4 16. exd4 Rfe8 17. Rdc1 Nf6 18. Ne5 Qd6 19. Bb3 Rac8 20. Nc4 Qxd4 21. Rd1 Qe4 22. Qxe4 Nxe4 23. Re3 1/2-1/2

[Event "EU-ch Seniors 07th"]
[Site "Hockenheim"]
[Date "2007.06.06"]
[Round "5"]
[White "Ivanets, Vladimir"]
[Black "Skara, Milenko"]
[Result "1-0"]
[WhiteElo "2261"]
[BlackElo "2092"]
[PlyCount "67"]
[EventDate "2007.06.02"]
[EventType "swiss"]
[EventRounds "9"]
[EventCountry "GER"]
[SourceTitle "CBM 118 Extra"]
[Source "ChessBase"]
[SourceDate "2007.07.04"]
[SourceVersion "1"]
[SourceVersionDate "2007.07.04"]
[SourceQuality "1"]

1. b4 e5 2. Bb2 Bxb4 3. Bxe5 Nf6 4. e3 d5 5. Nf3 0-0 6. c4 Nc6 7. Bb2 Re8 8. cxd5 Nxd5 9. Be2 Qe7 10. 0-0 Nf6 11. Nc3 Bg4 12. h3 Bh5 13. Nb5 Ne4 14. Nbd4 Nxd4 15. Nxd4 Bxe2 16. Qxe2 Qd7 17. d3 Nf6 18. Qf3 Bf8 19. e4 Rad8 20. Rfd1 c5 21. Nf5 Re6 22. g4 Ne8 23. d4 Qb5 24. d5 Rb6 25. Bc3 g6 26. Ne3 Bg7 27. Bxg7 Nxg7 28. g5 Qe8 29. h4 Nh5 30. Rac1 Qe7 31. Nc4 Rb4 32. Re1 Rxc4 33. Rxc4 Rxd5 34. Qc3 1-0

[Event "EU-ch Seniors 07th"]
[Site "Hockenheim"]
[Date "2007.06.05"]
[Round "4"]
[White "Skara, Milenko"]
[Black "Jadrijevic, Ante"]
[Result "0-1"]
[WhiteElo "2092"]
[BlackElo "2213"]
[PlyCount "54"]
[EventDate "2007.06.02"]
[EventType "swiss"]
[EventRounds "9"]
[EventCountry "GER"]
[SourceTitle "CBM 118 Extra"]
[Source "ChessBase"]
[SourceDate "2007.07.04"]
[SourceVersion "1"]
[SourceVersionDate "2007.07.04"]
[SourceQuality "1"]

1. e4 e6 2. d4 d5 3. Nd2 b6 4. exd5 exd5 5. Ngf3 Nf6 6. Bd3 Bd6 7. 0-0 0-0 8. Re1 c5 9. c3 Bg4 10. Be2 Nbd7 11. Nf1 Re8 12. Bg5 Qc7 13. Bh4 Re4 14. Bg3 Rae8 15. Ne3 Bxg3 16. hxg3 Rxe3 17. fxe3 Qxg3 18. dxc5 Ne4 19. Rf1 Bh3 20. Ne1 Qxe3+ 21. Kh2 Qg3+ 22. Kg1 Qe3+ 23. Kh2 Ne5 24. Bf3 Nd2 25. Rg1 Re6 26. Kxh3 Rh6+ 27. Kg3 Ne4# 0-1

[Event "EU-ch Seniors 07th"]
[Site "Hockenheim"]
[Date "2007.06.03"]
[Round "2"]
[White "Skara, Milenko"]
[Black "Fatalibekova, Elena"]
[Result "1/2-1/2"]
[WhiteElo "2092"]
[BlackElo "2273"]
[PlyCount "85"]
[EventDate "2007.06.02"]
[EventType "swiss"]
[EventRounds "9"]
[EventCountry "GER"]
[SourceTitle "CBM 118 Extra"]
[Source "ChessBase"]
[SourceDate "2007.07.04"]
[SourceVersion "1"]
[SourceVersionDate "2007.07.04"]
[SourceQuality "1"]

1. e4 c5 2. Nf3 Nc6 3. d4 cxd4 4. Nxd4 g6 5. Nc3 Bg7 6. Be3 Nf6 7. Bc4 0-0 8. Bb3 d6 9. h3 Bd7 10. 0-0 Nxd4 11. Bxd4 Bc6 12. e5 dxe5 13. Bxe5 b5 14. Qxd8 Rfxd8 15. Rfd1 Kf8 16. Ne2 a6 17. c3 Bh6 18. Nd4 Bb7 19. Bxf6 exf6 20. a4 bxa4 21. Bxa4 Rac8 22. Bc2 f5 23. Bd3 Rd6 24. Nc2 Rcd8 25. Be2 Rd2 26. Rxd2 Rxd2 27. Nd4 Rxb2 28. Bxa6 Bxa6 29. Rxa6 Bd2 30. Rc6 Be1 31. Nf3 Bxf2+ 32. Kf1 Be3 33. Ne5 Rf2+ 34. Ke1 Rxg2 35. c4 Ke7 36. c5 Rc2 37. Rc7+ Ke6 38. Nxf7 Rxc5 39. Nd8+ Ke5 40. Re7+ Kf4 41. Ne6+ Kg3 42. Nxc5 Bxc5 43. Rxh7 1/2-1/2

[Event "GER-ch Seniors 18th"]
[Site "Dresden"]
[Date "2006.07.29"]
[Round "8"]
[White "Skara, Milenko"]
[Black "Hadlich, Winfried"]
[Result "1-0"]
[WhiteElo "1815"]
[BlackElo "1796"]
[PlyCount "99"]
[EventDate "2006.07.22"]
[EventType "swiss"]
[EventRounds "9"]
[EventCountry "GER"]
[SourceTitle "EXT 2022"]
[Source "ChessBase"]
[SourceDate "2021.10.06"]
[SourceVersion "1"]
[SourceVersionDate "2021.10.06"]
[SourceQuality "1"]

1. e4 d5 2. exd5 Qxd5 3. Nc3 Qd8 4. d4 e6 5. Nf3 Nf6 6. Bg5 Be7 7. Qd2 c6 8. Bd3 h6 9. Bf4 a6 10. 0-0 c5 11. Rfe1 Nc6 12. dxc5 Bxc5 13. Rad1 Bd7 14. Ne4 Qe7 15. Nxc5 Qxc5 16. c3 g5 17. b4 Qe7 18. Be3 Qd6 19. Qb2 Qe7 20. Bc5 Qd8 21. Bf5 g4 22. Rxe6+ Bxe6 23. Rxd8+ Rxd8 24. Nd4 Nxd4 25. cxd4 Bxf5 26. Qe2+ Be6 27. Qe5 Rg8 28. Qxf6 Rd7 29. Qxh6 Kd8 30. Qf4 Kc8 31. a4 Rc7 32. a5 Re8 33. f3 gxf3 34. Qxf3 Bd7 35. d5 Bb5 36. Qf5+ Bd7 37. Qf4 Bb5 38. h4 Re1+ 39. Kh2 Rf1 40. Qg4+ Rd7 41. h5 f5 42. Qg8+ Rd8 43. Qe6+ Bd7 44. Qb6 Rh8 45. h6 f4 46. Qf6 Re8 47. h7 Ree1 48. h8Q+ Be8 49. Qf5+ Kb8 50. Qfe5+ 1-0

[Event "NRW-ch Seniors 16th"]
[Site "Hattingen"]
[Date "2005.05.29"]
[Round "9"]
[White "Bischof, Rainer"]
[Black "Skara, Milenko"]
[Result "1/2-1/2"]
[WhiteElo "1869"]
[BlackElo "1852"]
[PlyCount "46"]
[EventDate "2005.05.21"]
[EventType "swiss"]
[EventRounds "9"]
[EventCountry "GER"]
[SourceTitle "EXT 2007"]
[Source "ChessBase"]
[SourceDate "2006.11.23"]
[SourceVersion "1"]
[SourceVersionDate "2006.11.23"]
[SourceQuality "1"]

1. d4 d5 2. Nf3 e6 3. e3 c5 4. c3 Nc6 5. Bd3 Nf6 6. Nbd2 Bd6 7. 0-0 0-0 8. Qe2 Qc7 9. dxc5 Bxc5 10. e4 dxe4 11. Nxe4 Nxe4 12. Bxe4 g6 13. Bh6 Rd8 14. Rad1 Bf8 15. Rxd8 Qxd8 16. Rd1 Qe7 17. Bxf8 Kxf8 18. Nd4 Nxd4 19. Rxd4 e5 20. Rd2 Be6 21. Bd5 f6 22. h3 Re8 23. b3 Bxd5 1/2-1/2

[Event "NRW-ch Seniors 16th"]
[Site "Hattingen"]
[Date "2005.05.28"]
[Round "8"]
[White "Skara, Milenko"]
[Black "Mazurkiewicz, Kazimierz"]
[Result "1-0"]
[WhiteElo "1852"]
[BlackElo "1888"]
[PlyCount "101"]
[EventDate "2005.05.21"]
[EventType "swiss"]
[EventRounds "9"]
[EventCountry "GER"]
[SourceTitle "EXT 2007"]
[Source "ChessBase"]
[SourceDate "2006.11.23"]
[SourceVersion "1"]
[SourceVersionDate "2006.11.23"]
[SourceQuality "1"]

1. e4 c5 2. Nf3 d6 3. d4 cxd4 4. Nxd4 Nf6 5. Nc3 a6 6. Be2 e6 7. 0-0 Qc7 8. Kh1 b5 9. Bf3 Bb7 10. Re1 Nbd7 11. Bg5 Be7 12. a3 Ne5 13. Be2 Nxe4 14. Nxe4 Bxe4 15. Bxb5+ axb5 16. Rxe4 Bxg5 17. Nxb5 Qc6 18. Nxd6+ Ke7 19. Rxe5 Bf4 20. Nf5+ Kf8 21. Nd4 Qc4 22. Qf3 Rd8 23. Qxf4 Rxd4 24. Qe3 Rd5 25. Re1 g6 26. Rxd5 Qxd5 27. Qe5 Qxe5 28. Rxe5 Ke7 29. g3 Kd6 30. Rb5 Kc6 31. a4 Rd8 32. Kg2 f6 33. c4 e5 34. a5 e4 35. b4 Rd2 36. Rb6+ Kc7 37. Rxf6 Rd4 38. Rf7+ Kb8 39. a6 Rxc4 40. Rxh7 Rxb4 41. Rb7+ Rxb7 42. axb7 Kxb7 43. h4 Kc6 44. Kf1 Kd5 45. Ke2 Ke5 46. Ke3 Kf5 47. Kd4 e3 48. Kxe3 Kg4 49. Ke4 Kh5 50. Kf4 Kh6 51. g4 1-0

[Event "NRW-ch Seniors 16th"]
[Site "Hattingen"]
[Date "2005.05.27"]
[Round "7"]
[White "Bornemann, Anton"]
[Black "Skara, Milenko"]
[Result "1/2-1/2"]
[WhiteElo "1643"]
[BlackElo "1852"]
[PlyCount "148"]
[EventDate "2005.05.21"]
[EventType "swiss"]
[EventRounds "9"]
[EventCountry "GER"]
[SourceTitle "EXT 2007"]
[Source "ChessBase"]
[SourceDate "2006.11.23"]
[SourceVersion "1"]
[SourceVersionDate "2006.11.23"]
[SourceQuality "1"]

1. e4 e5 2. Nc3 Nf6 3. Nf3 Nc6 4. Bc4 Bb4 5. d3 d6 6. a3 Ba5 7. h3 a6 8. Bg5 Ne7 9. 0-0 Bb6 10. Bxf6 gxf6 11. Nd5 Nxd5 12. Bxd5 Qe7 13. c3 Rg8 14. Kh2 c6 15. Ba2 Be6 16. Bxe6 fxe6 17. Ne1 0-0-0 18. a4 d5 19. Qc2 Kb8 20. b4 f5 21. b5 cxb5 22. axb5 axb5 23. Qb3 Qc5 24. Rb1 dxe4 25. dxe4 fxe4 26. Qxb5 Qxb5 27. Rxb5 Bc7 28. Nc2 Rd5 29. Rb3 Rd2 30. Ne3 Rf8 31. Kg1 Rd3 32. Rfb1 b6 33. Nc4 e3 34. Nxb6 exf2+ 35. Kf1 Bxb6 36. Rxb6+ Kc7 37. Rxe6 Rxc3 38. Rxe5 Kd6 39. Reb5 Rc4 40. R5b2 Ke5 41. Rb7 Rc2 42. R7b2 Rc4 43. Rxf2 Rxf2+ 44. Kxf2 Kf4 45. g3+ Kf5 46. Rb5+ Kf6 47. g4 Rc3 48. Kg2 h6 49. Rf5+ Kg6 50. Rf3 Rc4 51. Kg3 Rc5 52. h4 Ra5 53. Rb3 Kf6 54. Rb6+ Kg7 55. h5 Ra4 56. Rg6+ Kh7 57. Rf6 Kg7 58. Rf4 Ra3+ 59. Kh4 Ra5 60. Re4 Kh8 61. Kg3 Kg8 62. Kf4 Kh8 63. Re7 Kg8 64. Re5 Ra6 65. Kf5 Kf7 66. Rb5 Rf6+ 67. Ke4 Re6+ 68. Re5 Ra6 69. Rf5+ Kg7 70. Kf4 Ra4+ 71. Kg3 Ra3+ 72. Kh4 Ra4 73. Rb5 Ra6 74. Rb7+ Kg8 1/2-1/2

[Event "NRW-ch Seniors 16th"]
[Site "Hattingen"]
[Date "2005.05.24"]
[Round "4"]
[White "Skara, Milenko"]
[Black "Galicki, Ryszard"]
[Result "0-1"]
[WhiteElo "1852"]
[BlackElo "1910"]
[PlyCount "77"]
[EventDate "2005.05.21"]
[EventType "swiss"]
[EventRounds "9"]
[EventCountry "GER"]
[SourceTitle "EXT 2007"]
[Source "ChessBase"]
[SourceDate "2006.11.23"]
[SourceVersion "1"]
[SourceVersionDate "2006.11.23"]
[SourceQuality "1"]

1. e4 c5 2. Nf3 Nc6 3. d4 cxd4 4. Nxd4 Nf6 5. Nc3 e5 6. Ndb5 d6 7. Bg5 a6 8. Na3 b5 9. Nd5 Be7 10. Bxf6 gxf6 11. c3 f5 12. exf5 Bxf5 13. Nc2 Bg5 14. Bd3 Be6 15. Nde3 d5 16. Bf5 0-0 17. Qh5 Bxf5 18. Nxf5 Qf6 19. Nce3 Qg6 20. Qf3 d4 21. Nd5 e4 22. Qh3 Rad8 23. Nb4 Nxb4 24. cxb4 Rd5 25. g4 h5 26. Qb3 Rfd8 27. h3 Kf8 28. Rd1 Bf6 29. Qg3 Qg5 30. Kf1 h4 31. Qg2 Qf4 32. Ke1 Bg5 33. Rf1 Qe5 34. Rh1 Rc8 35. Kf1 Rc2 36. Re1 e3 37. Re2 Rxe2 38. Kxe2 d3+ 39. Ke1 0-1

[Event "Bochum-ch"]
[Site "Bochum"]
[Date "2005.05.24"]
[Round "5"]
[White "Skara, Milenko"]
[Black "Jellinghaus, Lars"]
[Result "0-1"]
[WhiteElo "1882"]
[BlackElo "2069"]
[PlyCount "161"]
[EventDate "2005.04.26"]
[EventType "swiss"]
[EventRounds "7"]
[EventCountry "GER"]
[SourceTitle "EXT 2007"]
[Source "ChessBase"]
[SourceDate "2006.11.23"]
[SourceVersion "1"]
[SourceVersionDate "2006.11.23"]
[SourceQuality "1"]

1. e4 e6 2. d4 d5 3. Nd2 c5 4. exd5 exd5 5. Ngf3 Nc6 6. Bb5 Bd6 7. dxc5 Bxc5 8. Nb3 Bd6 9. 0-0 Nge7 10. Bg5 0-0 11. Re1 f6 12. Bh4 Qb6 13. Bxc6 bxc6 14. Bg3 Nf5 15. Bxd6 Nxd6 16. Qd4 Nc4 17. Rab1 Bd7 18. Nc5 Bf5 19. Nd3 Nd2 20. Qf4 Nxf3+ 21. Qxf3 Bg6 22. Qe3 Rfe8 23. Qd2 h6 24. Rxe8+ Rxe8 25. h3 Qd4 26. Rd1 Qa4 27. a3 Rb8 28. Rc1 Qd4 29. Qe2 Kh8 30. Qe3 Qxe3 31. fxe3 Kg8 32. b4 Kf8 33. Nc5 Ke7 34. Kf2 Kd6 35. Kg3 Re8 36. Kf2 Re5 37. c3 h5 38. h4 Be4 39. Rd1 g5 40. Rh1 Rf5+ 41. Kg3 gxh4+ 42. Kh3 Bc2 43. Kxh4 Re5 44. Rf1 f5 45. Rf3 Bd1 46. Rg3 Bg4 47. Nb7+ Kc7 48. Nc5 Re8 49. Kg5 Rg8+ 50. Kh4 Rg6 51. a4 Kd6 52. Nb7+ Ke5 53. Nc5 Rg7 54. Nd3+ Kf6 55. Nc5 Re7 56. Nb3 Ke5 57. Nc5 Re8 58. Nd3+ Kf6 59. Nc5 Kg6 60. Nb3 Rc8 61. Nc5 Rb8 62. Nd7 Re8 63. Nc5 Kf6 64. Nd7+ Ke6 65. Nc5+ Ke5 66. Nd7+ Kd6 67. Nc5 Re7 68. Kg5 a5 69. Nb3 axb4 70. cxb4 Rb7 71. b5 cxb5 72. axb5 Rg7+ 73. Kh4 Ke5 74. Nc5 Rc7 75. Nb3 Rc3 76. Nd4 Rc1 77. Kg5 Rb1 78. Nc6+ Ke4 79. Nd4 Rc1 80. Ne6 Ke5 81. b6 0-1

[Event "Essen op04"]
[Site "Essen"]
[Date "2005.04.20"]
[Round "9"]
[White "Skara, Milenko"]
[Black "Bryjak, Hans Guenther"]
[Result "1/2-1/2"]
[WhiteElo "1852"]
[BlackElo "2077"]
[PlyCount "31"]
[EventDate "2005.04.04"]
[EventType "swiss"]
[EventRounds "9"]
[EventCountry "GER"]
[SourceTitle "EXT 2007"]
[Source "ChessBase"]
[SourceDate "2006.11.23"]
[SourceVersion "1"]
[SourceVersionDate "2006.11.23"]
[SourceQuality "1"]

1. e4 c5 2. Nf3 e6 3. d4 cxd4 4. Nxd4 a6 5. Nc3 Nc6 6. Be2 d6 7. Be3 Be7 8. 0-0 Nf6 9. f4 Qc7 10. Qe1 Nxd4 11. Bxd4 e5 12. fxe5 dxe5 13. Be3 Bc5 14. Qf2 Bxe3 15. Qxe3 Be6 16. Kh1 1/2-1/2

[Event "Essen op04"]
[Site "Essen"]
[Date "2005.04.13"]
[Round "6"]
[White "Skara, Milenko"]
[Black "Liszka, Guenter"]
[Result "1-0"]
[WhiteElo "1852"]
[BlackElo "1777"]
[PlyCount "43"]
[EventDate "2005.04.04"]
[EventType "swiss"]
[EventRounds "9"]
[EventCountry "GER"]
[SourceTitle "EXT 2007"]
[Source "ChessBase"]
[SourceDate "2006.11.23"]
[SourceVersion "1"]
[SourceVersionDate "2006.11.23"]
[SourceQuality "1"]

1. e4 c5 2. Nf3 Nc6 3. d4 cxd4 4. Nxd4 Nf6 5. Nc3 d6 6. Bc4 e6 7. 0-0 Be7 8. Bb3 0-0 9. Be3 Qc7 10. Kh1 a6 11. f4 Nxd4 12. Bxd4 e5 13. fxe5 dxe5 14. Be3 Bc5 15. Bg5 Bg4 16. Qe1 Ne8 17. Bd5 Qd7 18. Qh4 Be6 19. Rf3 f6 20. Rh3 fxg5 21. Qxh7+ Kf7 22. Rf1+ 1-0

[Event "Ruhrgebiet VK1 0405"]
[Site "Ruhrgebiet"]
[Date "2005.04.10"]
[Round "9.6"]
[White "Skara, Milenko"]
[Black "Maurer, Markus"]
[Result "1/2-1/2"]
[WhiteElo "1883"]
[BlackElo "1938"]
[PlyCount "51"]
[EventDate "2004.09.12"]
[EventType "team"]
[EventRounds "9"]
[EventCountry "GER"]
[SourceTitle "EXT 2006"]
[Source "ChessBase"]
[SourceDate "2005.11.24"]
[SourceVersion "1"]
[SourceVersionDate "2005.11.24"]
[SourceQuality "1"]
[WhiteTeam "Gerthe"]
[BlackTeam "Essen West II"]
[WhiteTeamCountry "GER"]
[BlackTeamCountry "GER"]

1. e4 c5 2. Nf3 Nc6 3. d4 cxd4 4. Nxd4 e5 5. Nb5 d6 6. N1c3 a6 7. Na3 Be6 8. Nc4 b5 9. Ne3 Nf6 10. Ned5 Be7 11. Nxf6+ Bxf6 12. Nd5 0-0 13. c3 Bxd5 14. Qxd5 Ne7 15. Qb3 d5 16. Bd3 d4 17. cxd4 Qxd4 18. Be3 Qd7 19. 0-0 Nc6 20. Rad1 Qe7 21. a3 Rac8 22. Bb1 Na5 23. Qb4 Nc4 24. Qb3 Na5 25. Qb4 Nc4 26. Qb3 1/2-1/2